| 000 | 00851nam a2200193 i 4500 | ||
|---|---|---|---|
| 001 | 59232 | ||
| 003 | ES-MaACL | ||
| 005 | 20230906164006.0 | ||
| 007 | t| | ||
| 008 | 031028s1903 fr ||||1| fre d | ||
| 100 | 1 |
_aEichthal, Eugène d'. _946815 |
|
| 245 | 1 | 3 |
_aLa Solidarité sociale et ses nouvelles formules / _cpar M. Eugène d'Eichthal. La Solidarité sociale comme principe des lois / par M. Charles Brunot. Observations par MM. Frédéric Passy, Paul Leroy-Beaulieu, Levasseur, Albert Sorel, Juglar, Boutroux, Cheysson, Eugène Rostand, de Tarde, Glasson et René Stourm,... |
| 260 |
_aParís : _b[s.n., _c1903] |
||
| 300 |
_a198 p. ; _c19 cm. |
||
| 700 | 1 |
_aBrunot, Charles ( _d1856-1931) _9149319 |
|
| 700 | 0 |
_aPassy, Frédéric. _989461 |
|
| 710 | 2 |
_aLigue Internationale et Permanente de la Paix. _9155478 |
|
| 852 |
_aES-MaACL _j1498-F-10 |
||
| 999 |
_c59232 _d59232 |
||